Statistics for Countries by Popular First Names

Click here to take the quiz!

General Stats

  • This quiz has been taken 48 times
  • The average score is 10 of 15

Answer Stats

NamesCountry% Correct
Maria, Georgios, Dimitrios, Ioannis, EleniGreece
95%
Kenji, Hiroshi, Shigeru, Sajiko, MasakoJapan
93%
Ji-u, Min-Jun, Seo-Yun, Seo-Yeon, Min-SeoSouth Korea
93%
Maria, Franz, Josef, Johann, ElisabethAustria
91%
Yosef, David, Moshe, Avraham, YaakvIsrael
86%
Jón, Anna, Gúðrun, Sigurður, GuðmundurIceland
84%
Matti, Timo, Juha, Kari, PekkaFinland
75%
László, István, József, János, ZoltánHungary
73%
Jan, Petr, Jana, Marie, JiříCzech Republic
68%
Alexandru, Andreea, Andrei, Elena, MariaRomania
66%
Somchai, Somchit, Prasoen, Sombun, SomsakThailand
50%
Johannes, Maria, Elizabeth, David, AnnaSouth Africa
43%
Bekele, Tadesse, Mohammed, Kassa, KebedeEthiopia
34%
Mary, Maria, John, Jose, MarkPhilippines
25%
Mohammed, Jone, John, Mere, TevitaFiji
5%

Score Distribution

Percentile by Number Answered

Percent of People with Each Score

Your Score History

You have not taken this quiz